Statistics for Tuti i Paesi Moderni Controlai da l'Àustria-Ongarìa

Click here to take the quiz!

General Stats

  • This quiz has been taken 64 times
  • The average score is 10 of 13

Answers on the Map

Answers color-coded by a green-red scale on the quiz's map according to % correct below.
 

Answer Stats

Paesi% Correct
Àustria
95%
Bosnia e Erçegòvina
89%
Italia
84%
Serbia
84%
Polonia
82%
Romanìa
82%
Cechia
79%
Croaçia
79%
Ongarìa
77%
Ucraina
74%
Slovenia
72%
Montenegro
60%
Slovachia
60%

Score Distribution

Percentile by Number Answered

Percent of People with Each Score

Your Score History

You have not taken this quiz